Arxiu municipal : l'Ametlla del Vallès l'Ametlla del Vallès
Descripción Física:
[4] p. ; 21 cm
MARC
| LEADER | 00000nam a2200000Ia 4500 | ||
|---|---|---|---|
| 001 | 15003 | ||
| 003 | BGR | ||
| 005 | 20260324175249.0 | ||
| 008 | 160829s9999 xx 000 0 cat d | ||
| 080 | |a FU-33-7 | ||
| 110 | 1 | |9 70403 |a Arxiu Municipal de l'Ametlla del Vallès | |
| 245 | |a Arxiu municipal : |b l'Ametlla del Vallès | ||
| 260 | |a Ametlla del Vallès : |b Ajuntament de l'Ametlla del Vallès, DL 2003 | ||
| 300 | |a [4] p. ; |c 21 cm | ||
| 590 | |a A la part superior de la portada: Diputació de Barcelona, Xarxa de Municipis, Àrea de Cultura. | ||
| 590 | |a A la contraportada: Oficina de Patrimoni Cultural | ||
| 650 | |a Arxiu Municipal de l'Ametlla del Vallès |x Inventaris |9 23850 | ||
| 710 | 1 | |a Barcelona (Catalunya : Província). |b Oficina de Patrimoni Cultural |9 52675 | |
| 710 | 1 | |a Ametlla del Vallès (Catalunya). |b Ajuntament |9 51393 | |
| 901 | |a Arxiu | ||
| 942 | |n 1 |2 udc |c MON | ||
| 952 | |0 0 |1 0 |4 0 |6 FU337 |7 1 |9 42885 |a Arxiu |b Arxiu |d 2016-12-01 |l 0 |o FU-33-7 |p 15003 |r 2016-12-01 00:00:00 |w 2016-12-01 |y ARXIU | ||
| 999 | |c 45391 |d 45391 | ||